| 000 | 01326nab a22002297a 4500 | ||
|---|---|---|---|
| 999 |
_c6267 _d6267 |
||
| 003 | OSt | ||
| 005 | 20260128023516.0 | ||
| 008 | 190514b xxu||||| |||| 00| 0 spa d | ||
| 040 | _cPJ | ||
| 100 |
_96700 _aMorquecho, Lara |
||
| 245 | 1 | 0 |
_aUn caso que evidencia los riesgos de la implementación del diagnóstico genético preimplantatorio / _cLara Morquecho. |
| 300 | _ap. 36-45 | ||
| 500 | _aCita: TR LALEY AR/DOC/2707/2025. | ||
| 505 | _aSumario: I. Introducción.— II. El diagnóstico genético preimplantatorio (DGP).— III. El caso sobre responsabilidad civil de los médicos y la clínica ante la falencia del DGP: "D. M., I. L. y otros c. Fecunditas Medicina de Alta Complejidad y otros s/ daños y perjuicios - resp. prof. médicos y aux.".— IV. Algunas ¿conclusiones?. | ||
| 505 | _tFallo comentado: JNCiv. Nro. 42 ~ 12/05/2025 ~ D. M., I. L. y otros c. Fecunditas Medicina de Alta Complejidad y otros s/ daños y perjuicios - resp. prof. médicos y aux. | ||
| 650 | 0 |
_9967 _aDERECHO DE FAMILIA |
|
| 650 | 0 |
_93351 _aMALA PRAXIS |
|
| 650 | 0 |
_95291 _aGENÉTICA HUMANA |
|
| 650 | 0 |
_91057 _aJURISPRUDENCIA APLICABLE |
|
| 773 | 0 |
_02844 _93222 _dBuenos Aires : AbeledoPerrot, 1989- _tDerecho de familia. Revista Interdisciplinaria de doctrina y jurisprudencia. Diciembre 2025-VI. _z18511201 |
|
| 942 |
_2udc _cANA |
||